[Event "PRO League Group Stage"]
[Site "chess.com INT"]
[Date "2019.01.17"]
[Round "2"]
[White "Jobava, Baadur"]
[Black "Dobrov, Vladimir"]
[Result "1/2-1/2"]
[WhiteTitle "GM"]
[BlackTitle "GM"]
[WhiteElo "2629"]
[BlackElo "2478"]
[WhiteTeam "Tbilisi Gentlemen"]
[BlackTeam "Moscow Wizards"]
[WhiteFideId "13601520"]
[BlackFideId "4136594"]
[EventDate "2019.01.08"]

1. b3 g6 2. Bb2 Nf6 3. c4 Bg7 4. g3 O-O 5. Bg2 d6 6. d4 e5 7. dxe5 Nfd7 8. Nc3
Nxe5 9. Nf3 Nxf3+ 10. Bxf3 Nc6 11. Bg2 Re8 12. O-O Bg4 13. f3 Qg5 14. Kh1 Bd7
15. e4 Qa5 16. Qc1 Ne5 17. Qc2 Bc6 18. a3 Qc5 19. Rad1 a5 20. a4 Nd7 21. h3 Qh5
22. Kh2 Nc5 23. Bc1 Qe5 24. Bb2 Qh5 25. Nd5 Bxb2 26. Qxb2 Bxd5 27. Rxd5 Re5 28.
g4 Qh6 29. f4 Rxd5 30. cxd5 Re8 31. e5 Qg7 32. b4 axb4 33. Qxb4 g5 34. Qb5 Re7
35. Qa5 gxf4 36. exd6 cxd6 37. Qd8+ Qf8 38. Qxd6 Nd3 39. Qf6 Re3 40. d6 Re6 41.
Qf5 Qxd6 42. Be4 f3+ 43. Kh1 Nf2+ 44. Rxf2 Qd1+ 45. Kh2 Qd6+ 46. Kg1 Qd1+ 47.
Kh2 Qd6+ 48. Kg1 Qd1+ 49. Kh2 Qd6+ 50. Kg1 Qd1+ 1/2-1/2

[Event "PRO League Group Stage"]
[Site "chess.com INT"]
[Date "2019.01.17"]
[Round "2"]
[White "Sjugirov, Sanan"]
[Black "Quparadze, Giga"]
[Result "1-0"]
[WhiteTitle "GM"]
[BlackTitle "GM"]
[WhiteElo "2663"]
[BlackElo "2493"]
[WhiteTeam "Moscow Wizards"]
[BlackTeam "Tbilisi Gentlemen"]
[WhiteFideId "4189302"]
[BlackFideId "13602250"]
[EventDate "2019.01.08"]

1. d4 Nf6 2. c4 e6 3. g3 Bb4+ 4. Bd2 Be7 5. Bg2 d5 6. Nf3 O-O 7. O-O c6 8. Bf4
Nbd7 9. Nc3 b6 10. cxd5 cxd5 11. Nb5 Ne8 12. Ne5 Nxe5 13. dxe5 Bb7 14. Rc1 Qd7
15. a4 Bc6 16. Qd3 a6 17. Nd4 Bxa4 18. b3 Bb5 19. Nxb5 axb5 20. Be3 Nc7 21. Bxb6
Na6 22. Qd2 Rfb8 23. Bd4 Ba3 24. Ra1 Bb4 25. Qf4 Bf8 26. Rac1 Rc8 27. e4 Nb4 28.
Rcd1 Qb7 29. Qg4 Ra3 30. exd5 Nxd5 31. Rd3 Qa6 32. Be4 Ne7 33. Rf3 g6 34. Qg5
Nf5 35. Rxf5 exf5 36. Bxf5 Re8 37. Re1 Bg7 38. Bd7 Qa5 39. Rc1 h6 40. Qf4 g5 41.
Qf3 Qd2 42. Rd1 g4 43. Qxg4 Qxd1+ 44. Qxd1 Rd8 45. e6 1-0

[Event "PRO League Group Stage"]
[Site "chess.com INT"]
[Date "2019.01.17"]
[Round "2"]
[White "Savchenko, Boris"]
[Black "Volkov, Nika"]
[Result "1-0"]
[WhiteTitle "GM"]
[WhiteElo "2562"]
[BlackElo "2153"]
[WhiteTeam "Moscow Wizards"]
[BlackTeam "Tbilisi Gentlemen"]
[WhiteFideId "4147332"]
[BlackFideId "13604376"]
[EventDate "2019.01.08"]

1. e4 e6 2. d4 d5 3. Nc3 Bb4 4. e5 c5 5. a3 Bxc3+ 6. bxc3 Qa5 7. Bd2 Nc6 8. a4
c4 9. Qg4 Kf8 10. Nh3 f5 11. Qf3 Bd7 12. Nf4 Nh6 13. Be2 Ne7 14. h4 Nf7 15. Bc1
Ng6 16. Nh5 Rg8 17. Qg3 Ke8 18. Kd2 Bxa4 19. Ba3 Qc7 20. Qe3 Bd7 21. g4 Nh6 22.
Nxg7+ Rxg7 23. Qxh6 Bc6 24. gxf5 exf5 25. h5 Nf8 26. Rhg1 Rf7 27. Rg8 1-0

[Event "PRO League Group Stage"]
[Site "chess.com INT"]
[Date "2019.01.17"]
[Round "2"]
[White "Jojua, Davit"]
[Black "Dordzhieva, Dinara"]
[Result "1-0"]
[WhiteTitle "GM"]
[BlackTitle "WIM"]
[WhiteElo "2588"]
[BlackElo "2340"]
[WhiteTeam "Tbilisi Gentlemen"]
[BlackTeam "Moscow Wizards"]
[WhiteFideId "13602543"]
[BlackFideId "24157570"]
[EventDate "2019.01.08"]

1. d4 d5 2. Bf4 Nf6 3. e3 c5 4. Nf3 Nc6 5. Nbd2 e6 6. c3 Nh5 7. Bg5 Qb6 8. dxc5
Qxb2 9. Nd4 Nf6 10. Nb5 Rb8 11. Nc4 Qxb5 12. Nd6+ Bxd6 13. Bxb5 Bxc5 14. O-O Ne4
15. Bf4 Ra8 16. c4 O-O 17. cxd5 Nb4 18. d6 Nc3 19. Qc1 Nbd5 20. Bd3 Bd7 21. e4
Nxf4 22. Qxf4 f6 23. Qd2 Rac8 24. Rac1 Bd4 25. Rc2 Ba4 26. Rb2 Rfd8 27. Rxb7
Rxd6 28. Qf4 Be5 29. Qg4 f5 30. exf5 Bc6 31. Rxa7 Rd4 32. Qh3 Rcd8 33. f6 Bxf6
34. Qxh7+ 1-0

[Event "PRO League Group Stage"]
[Site "chess.com INT"]
[Date "2019.01.17"]
[Round "2"]
[White "Maghsoodloo, Parham"]
[Black "Sadhwani, Raunak"]
[Result "1/2-1/2"]
[WhiteTitle "GM"]
[BlackTitle "IM"]
[WhiteElo "2679"]
[BlackElo "2451"]
[WhiteTeam "Armenia Eagles"]
[BlackTeam "Mumbai Movers"]
[WhiteFideId "12539929"]
[BlackFideId "35093487"]
[EventDate "2019.01.08"]

1. c4 e5 2. Nc3 Nf6 3. Nf3 Nc6 4. e3 Bb4 5. Qc2 O-O 6. d3 Re8 7. Be2 e4 8. dxe4
Nxe4 9. Bd2 Nxd2 10. Qxd2 d6 11. O-O Ne5 12. a3 Bxc3 13. Qxc3 Bg4 14. Nxe5 Bxe2
15. Rfe1 Rxe5 16. Rxe2 Qh4 17. Rd1 Rh5 18. h3 Rg5 19. e4 Re8 20. Rde1 Rge5 21.
Qd3 a5 22. b4 b6 23. Kh2 Rh5 24. Kg1 Rhe5 25. Re3 axb4 26. axb4 Ra8 27. Qc2 Rae8
28. Kh2 Qf6 29. g3 h5 30. Kg2 h4 31. g4 R5e7 32. Qa4 Qe6 33. Qc6 Qd7 34. Qxd7
Rxd7 35. Ra1 Rde7 36. Kf3 g6 37. Ra7 Kg7 38. Kf4 f6 39. Kf3 Kh6 40. Kf4 g5+ 41.
Kf3 Kg6 42. b5 Kh6 43. Ke2 Kg6 44. f3 Kf7 45. Rea3 Ke6 46. Ke3 Kd7 47. Kd4 Re5
48. Ra8 Rxa8 49. Rxa8 Re7 50. Rf8 Ke6 51. Rh8 Rf7 52. Ke3 c6 53. bxc6 Rc7 54.
Re8+ Kf7 55. Rb8 Rxc6 56. Kd4 Ke6 57. Rb7 Rc5 58. Rxb6 Ra5 59. Rb5 Ra1 60. Rb6
Ra5 61. Rb3 Ra1 62. Rb6 Ra5 1/2-1/2

[Event "PRO League Group Stage"]
[Site "chess.com INT"]
[Date "2019.01.17"]
[Round "2"]
[White "Andriasian, Zaven"]
[Black "Aakanksha, Hagawane"]
[Result "1-0"]
[WhiteTitle "GM"]
[BlackTitle "WIM"]
[WhiteElo "2604"]
[BlackElo "2259"]
[WhiteTeam "Armenia Eagles"]
[BlackTeam "Mumbai Movers"]
[WhiteFideId "13302000"]
[BlackFideId "25014510"]
[EventDate "2019.01.08"]

1. e4 e5 2. Nf3 Nc6 3. Bc4 Nf6 4. d3 Be7 5. O-O O-O 6. a4 d6 7. a5 a6 8. h3 Kh8
9. Nc3 Ng8 10. Nd5 f5 11. c3 Nf6 12. Ng5 Ng8 13. Qh5 Bxg5 14. Bxg5 Qd7 15. f4
Rb8 16. exf5 Rxf5 17. fxe5 Nxe5 18. Rxf5 Qxf5 19. Rf1 Qg6 20. Qxg6 Nxg6 21. Nxc7
Bd7 22. Rf7 Bc6 23. d4 h6 24. Bd2 N6e7 25. Ne6 d5 26. Bd3 g6 27. Bf4 Re8 28.
Be5+ 1-0

[Event "PRO League Group Stage"]
[Site "chess.com INT"]
[Date "2019.01.17"]
[Round "2"]
[White "Adhiban, Baskaran"]
[Black "Baghdasaryan, Vahe"]
[Result "1/2-1/2"]
[WhiteTitle "GM"]
[BlackTitle "GM"]
[WhiteElo "2689"]
[BlackElo "2354"]
[WhiteTeam "Mumbai Movers"]
[BlackTeam "Armenia Eagles"]
[WhiteFideId "5018471"]
[BlackFideId "13303139"]
[EventDate "2019.01.08"]

1. d4 d5 2. c4 c6 3. Nc3 Nf6 4. cxd5 cxd5 5. Bf4 Nc6 6. e3 a6 7. Be2 Bf5 8. Nf3
e6 9. Qb3 Na5 10. Qa4+ Nc6 11. Ne5 Qb6 12. Nxc6 bxc6 13. Qb3 Qxb3 14. axb3 Bc2
15. O-O a5 16. Na4 Bxb3 17. Nb6 Ra7 18. Rfc1 Bb4 19. Rxc6 O-O 20. g4 Nd7 21. Nc8
Ra8 22. Nd6 a4 23. Rc7 Nb6 24. Rb7 Ba5 25. Bb5 Nc8 26. Bd7 Nb6 27. Bc6 Nc4 28.
Bxa4 Bb6 29. Nxc4 dxc4 30. Rxb6 Rxa4 31. Rxa4 Bxa4 32. Bd6 Ra8 33. e4 Bd1 34. h3
Bf3 35. e5 h5 36. gxh5 Bxh5 37. Kg2 Be2 38. Rc6 Ra1 39. Rc8+ Kh7 40. Rc7 Kg6 41.
h4 Rd1 42. Bc5 Bf1+ 43. Kh2 Bd3 44. Kg3 Be4 45. h5+ Kg5 46. Rxf7 Rg1+ 47. Kh2
Rh1+ 48. Kg3 Rg1+ 49. Kh3 Rh1+ 50. Kg3 Rg1+ 51. Kh2 Rh1+ 52. Kg3 Rg1+ 53. Kh2
Rh1+ 54. Kg3 Rg1+ 1/2-1/2

[Event "PRO League Group Stage"]
[Site "chess.com INT"]
[Date "2019.01.17"]
[Round "2"]
[White "Ganguly, Surya Shekhar"]
[Black "Sargsyan, Anna M."]
[Result "0-1"]
[WhiteTitle "GM"]
[BlackTitle "WFM"]
[WhiteElo "2638"]
[BlackElo "2339"]
[WhiteTeam "Mumbai Movers"]
[BlackTeam "Armenia Eagles"]
[WhiteFideId "5002150"]
[BlackFideId "13308130"]
[EventDate "2019.01.08"]

1. e4 c6 2. d4 d5 3. exd5 cxd5 4. Bd3 Nc6 5. c3 Qc7 6. Ne2 Bg4 7. O-O Bxe2 8.
Qxe2 Nf6 9. Nd2 e6 10. Nf3 Bd6 11. Bd2 Bf4 12. Rae1 Bxd2 13. Qxd2 O-O-O 14. b4
Kb8 15. a4 Rc8 16. a5 Ne7 17. Rc1 Ng6 18. Rfe1 Qf4 19. Qe2 Rc7 20. b5 Rhc8 21.
b6 Rxc3 22. Rb1 a6 23. Bxa6 Rc2 24. Qf1 Ng4 25. g3 Qxf3 26. Be2 Qf5 27. a6 R8c6
28. axb7 Kxb7 29. Ra1 Rxb6 30. Bxg4 Qxg4 31. Reb1 Qe2 32. Qg2 Rxb1+ 33. Rxb1+
Rb2 34. Ra1 Rd2 35. Rb1+ Kc6 36. h4 Rd1+ 37. Rxd1 Qxd1+ 38. Kh2 Qxd4 39. Qf3 Ne5
40. Qe2 Qxf2+ 0-1

[Event "PRO League Group Stage"]
[Site "chess.com INT"]
[Date "2019.01.17"]
[Round "2"]
[White "Gupta, Abhijeet"]
[Black "Meshkovs, Nikita"]
[Result "0-1"]
[WhiteTitle "GM"]
[BlackTitle "GM"]
[WhiteElo "2581"]
[BlackElo "2557"]
[WhiteTeam "Delhi Dynamite"]
[BlackTeam "Estonia Horses"]
[WhiteFideId "5010608"]
[BlackFideId "11602740"]
[EventDate "2019.01.08"]

1. d4 Nf6 2. c4 e6 3. Nf3 d5 4. Nc3 Bb4 5. e3 O-O 6. Bd2 b6 7. Rc1 Bb7 8. cxd5
exd5 9. Bd3 Re8 10. O-O a6 11. Ne5 Bd6 12. f4 c5 13. Be1 cxd4 14. exd4 Nc6 15.
Ne2 Ne7 16. Qb3 b5 17. Kh1 Rc8 18. Bh4 Rxc1 19. Rxc1 Ng6 20. Be1 Re7 21. Bxg6
hxg6 22. Bb4 Ne4 23. Bxd6 Qxd6 24. Qc2 Qf6 25. h3 Qf5 26. Kh2 Nd6 27. Qc5 Qe6
28. Ng3 Kh7 29. Qc2 Ne4 30. Qd3 Qf6 31. Rf1 Qh4 32. Ne2 f6 33. Ng4 Bc8 34. Qa3
Bxg4 35. Qxe7 Bxe2 36. Rc1 Qxf4+ 0-1

[Event "PRO League Group Stage"]
[Site "chess.com INT"]
[Date "2019.01.17"]
[Round "2"]
[White "Harikrishna, Pentala"]
[Black "Ehlvest, Jaan"]
[Result "1-0"]
[WhiteTitle "GM"]
[BlackTitle "GM"]
[WhiteElo "2730"]
[BlackElo "2521"]
[WhiteTeam "Delhi Dynamite"]
[BlackTeam "Estonia Horses"]
[WhiteFideId "5007003"]
[BlackFideId "4500016"]
[EventDate "2019.01.08"]

1. e4 g6 2. d4 Bg7 3. Be3 c5 4. Nc3 cxd4 5. Bxd4 Bxd4 6. Qxd4 Nf6 7. Nd5 O-O 8.
Nxf6+ exf6 9. Bc4 Nc6 10. Qd2 f5 11. exf5 d5 12. Bd3 Qf6 13. fxg6 Qxb2 14. gxh7+
Kh8 15. Rd1 Bg4 16. f3 Bd7 17. Ne2 Qb6 18. Qc3+ f6 19. Kf1 Ne5 20. Qd4 Nxd3 21.
cxd3 Rfe8 22. Qxb6 axb6 23. Rd2 Kxh7 24. Kf2 Ra4 25. Rb1 b5 26. Nc3 Rd4 27. Nxb5
Bxb5 28. Rxb5 Re7 29. Rdb2 Rxd3 30. Rxb7 Rxb7 31. Rxb7+ Kg6 32. a4 Kf5 33. Rb4
Ra3 34. g4+ Ke5 35. f4+ Kd6 36. g5 fxg5 37. fxg5 Ke5 38. g6 Kf6 39. Rg4 Kg7 40.
h4 d4 41. Rxd4 Kxg6 42. Rf4 Kh5 43. Ke2 Rb3 44. Kd2 Ra3 45. Kc2 Ra2+ 46. Kb3 Ra1
47. Kb2 Re1 48. a5 Re5 49. Ra4 1-0

[Event "PRO League Group Stage"]
[Site "chess.com INT"]
[Date "2019.01.17"]
[Round "2"]
[White "Ladva, Ottomar"]
[Black "Srija, Seshadri"]
[Result "1-0"]
[WhiteTitle "GM"]
[BlackTitle "WIM"]
[WhiteElo "2497"]
[BlackElo "2210"]
[WhiteTeam "Estonia Horses"]
[BlackTeam "Delhi Dynamite"]
[WhiteFideId "4500024"]
[BlackFideId "5055903"]
[EventDate "2019.01.08"]

1. Nf3 d5 2. g3 Nf6 3. Bg2 e6 4. O-O Be7 5. d4 O-O 6. c4 dxc4 7. Qc2 b6 8. Bg5
Nd5 9. Bxe7 Qxe7 10. Qxc4 Ba6 11. Qc2 Nd7 12. Nc3 N7f6 13. Rfc1 Rac8 14. Qa4
Nxc3 15. Qxa6 Ncd5 16. Qxa7 Qb4 17. b3 Nc3 18. Rc2 Nfd5 19. Qa6 b5 20. Qc6 Rfd8
21. e3 Qa5 22. Ne5 b4 23. Nc4 Qa7 24. a4 Nb6 25. Qc5 Ncd5 26. Nxb6 Qxb6 27. Bxd5
exd5 28. Qxb6 cxb6 29. Rac1 Rb8 30. Rc7 g6 31. Ra7 b5 32. axb5 Rxb5 33. Rcc7 Rf8
34. Rd7 Kg7 35. Rab7 Rxb7 36. Rxb7 Kf6 37. Rxb4 Kf5 38. Rb7 Ke4 39. Kg2 h5 40.
b4 Kd3 41. b5 Kc4 42. b6 Kb5 43. Kf3 Kc6 44. Rc7+ Kxb6 45. Rc5 Rd8 46. Kf4 Rd6
47. Ke5 Re6+ 48. Kxd5 Rf6 49. f4 Re6 50. e4 h4 51. e5 hxg3 52. hxg3 Re7 53. Rc1
Rd7+ 54. Ke4 Ra7 55. g4 Ra2 56. f5 Re2+ 57. Kd5 Rg2 58. fxg6 fxg6 59. e6 1-0

[Event "PRO League Group Stage"]
[Site "chess.com INT"]
[Date "2019.01.17"]
[Round "2"]
[White "Narva, Mai"]
[Black "Grover, Sahaj"]
[Result "1/2-1/2"]
[WhiteTitle "WIM"]
[BlackTitle "GM"]
[WhiteElo "2347"]
[BlackElo "2511"]
[WhiteTeam "Estonia Horses"]
[BlackTeam "Delhi Dynamite"]
[WhiteFideId "4500512"]
[BlackFideId "5021103"]
[EventDate "2019.01.08"]

1. e4 e6 2. d4 d5 3. e5 c5 4. c3 Nc6 5. Nf3 Qb6 6. a3 Bd7 7. b4 cxd4 8. cxd4
Nge7 9. Be3 Rc8 10. Bd3 Nf5 11. O-O Be7 12. Nbd2 O-O 13. Nb3 f6 14. Bf4 fxe5 15.
dxe5 Be8 16. b5 Na5 17. Bxf5 Nxb3 18. Be3 Nc5 19. Bd3 Bh5 20. Be2 Qc7 21. Bd4
Ne4 22. Qd3 Qa5 23. Rfc1 Bg6 24. Qe3 b6 25. Bd3 Rxc1+ 26. Rxc1 Qxa3 27. Ra1 Qb3
28. Rb1 Qa2 29. Ra1 Qb3 30. Rb1 Qa4 31. Ra1 Qb4 32. Rb1 Qa3 33. Ra1 Qb3 34. Rb1
Qa3 35. Ra1 Qb3 36. Rb1 Qa3 37. Ra1 Qb3 1/2-1/2

[Event "PRO League Group Stage"]
[Site "chess.com INT"]
[Date "2019.01.17"]
[Round "2"]
[White "Ponkratov, Pavel"]
[Black "Abdusattorov, Nodirbek"]
[Result "1-0"]
[WhiteTitle "GM"]
[BlackTitle "GM"]
[WhiteElo "2630"]
[BlackElo "2560"]
[WhiteTeam "Moscow Phoenix"]
[BlackTeam "Volga Stormbringers"]
[WhiteFideId "4157800"]
[BlackFideId "14204118"]
[EventDate "2019.01.08"]

1. e4 c5 2. Nf3 d6 3. c3 Nf6 4. Bd3 g6 5. Bc2 Bg7 6. d4 cxd4 7. cxd4 O-O 8. h3
Nc6 9. Nc3 Bd7 10. O-O Rc8 11. Be3 Na5 12. Bd3 Ne8 13. Qe2 Nc7 14. d5 b6 15.
Rac1 e5 16. b4 Nb7 17. Nd2 f5 18. f3 f4 19. Bf2 Bf6 20. Rc2 Bh4 21. Nd1 Ba4 22.
Rc3 Bxf2+ 23. Nxf2 Qd7 24. Rfc1 Na8 25. Ba6 Rxc3 26. Rxc3 Rc8 27. Nb1 Rb8 28.
Qc4 Qe8 29. Bxb7 Rxb7 30. Qa6 Rc7 31. Rxc7 Nxc7 32. Qxa7 Nb5 33. Qxa4 1-0

[Event "PRO League Group Stage"]
[Site "chess.com INT"]
[Date "2019.01.17"]
[Round "2"]
[White "Ivlev, Aleksey"]
[Black "Novikov, Konstantin"]
[Result "1-0"]
[WhiteTitle "FM"]
[WhiteElo "2326"]
[BlackElo "2287"]
[WhiteTeam "Volga Stormbringers"]
[BlackTeam "Moscow Phoenix"]
[WhiteFideId "24185949"]
[BlackFideId "24163554"]
[EventDate "2019.01.08"]

1. d4 Nf6 2. c4 c5 3. d5 b5 4. Qc2 Na6 5. a3 b4 6. e4 d6 7. Nf3 g6 8. e5 dxe5 9.
Nxe5 Bg7 10. Qa4+ Nd7 11. Nc6 Qc7 12. Be2 O-O 13. Nxe7+ Kh8 14. Nxc8 Qxc8 15.
O-O bxa3 16. Nxa3 Nb4 17. Nb5 Nb6 18. Qb3 a6 19. Nd6 Qc7 20. Ne4 Rae8 21. Bf3
Nd7 22. d6 Qb6 23. Bg5 f6 24. Be3 f5 25. Nc3 f4 26. Na4 Qxd6 27. Bxc5 Nxc5 28.
Qxb4 Bd4 29. Rad1 Rc8 30. Bg4 Rc7 31. Rxd4 Qxd4 32. Rd1 Qe5 33. Rd5 Qe4 34. Bf3
Qb1+ 35. Rd1 Qf5 36. Rd5 Qb1+ 37. Bd1 Ne6 38. h3 f3 39. Qd6 Re8 40. Nc3 Qxb2 41.
Qe5+ Kg8 42. Bxf3 Rxc4 43. Rd3 Qc1+ 44. Nd1 Qf4 45. Qa5 Rc5 46. Qa2 Kg7 47. g3
Qc4 48. Qb2+ Kg8 49. Rd7 Qb5 50. Qd2 Re5 51. Ne3 Qb1+ 52. Kg2 Nc5 53. Rc7 Qb6
54. Qa2+ Ne6 55. Rc6 Qd4 56. Ng4 Re1 57. Bd5 Kg7 58. Rxe6 R8xe6 59. Bxe6 Rd1 60.
Qe2 Rd2 61. Qe1 Rb2 62. Qc1 Rb7 63. Qh6+ Kh8 64. Qf8# 1-0

[Event "PRO League Group Stage"]
[Site "chess.com INT"]
[Date "2019.01.17"]
[Round "2"]
[White "Kryakvin, Dmitry"]
[Black "Andreikin, Dmitry"]
[Result "1/2-1/2"]
[WhiteTitle "GM"]
[BlackTitle "GM"]
[WhiteElo "2588"]
[BlackElo "2725"]
[WhiteTeam "Moscow Phoenix"]
[BlackTeam "Volga Stormbringers"]
[WhiteFideId "4153278"]
[BlackFideId "4158814"]
[EventDate "2019.01.08"]

1. d4 Nf6 2. Bg5 d5 3. e3 c5 4. c3 Qb6 5. Qb3 Nc6 6. Nd2 e6 7. Ngf3 Bd6 8. Be2
h6 9. Bh4 cxd4 10. exd4 Nh5 11. Bg3 Nxg3 12. hxg3 Bd7 13. Nf1 Qc7 14. Ne3 O-O-O
15. O-O-O Kb8 16. Kb1 Ka8 17. Rc1 Na5 18. Qd1 Rc8 19. Rh4 Qb6 20. Ne5 Be8 21. c4
g5 22. c5 Qc7 23. cxd6 Qxc1+ 24. Qxc1 Rxc1+ 25. Kxc1 gxh4 26. gxh4 Nc6 27. d7
Bxd7 28. Nxd7 Nxd4 29. Kd2 Nc6 30. Nf6 Kb8 31. f4 Kc7 32. g4 Kd6 33. h5 Ne7 34.
g5 hxg5 35. fxg5 Ke5 36. Neg4+ Kf5 37. Nh6+ Rxh6 38. gxh6 Kxf6 39. Bg4 Nc6 40.
Ke3 a5 41. a3 b6 42. Bf3 Ne5 43. Be2 Nd7 44. Kd4 Nc5 45. Bf3 Nb7 46. Bxd5 exd5
47. Kxd5 Nd8 48. a4 Ne6 49. Kc6 Ng5 50. Kxb6 Ke5 51. Kxa5 f5 52. Kb6 f4 53. a5
f3 54. a6 f2 55. a7 f1=Q 56. a8=Q Qf2+ 57. Ka6 Qf6+ 58. Ka7 Qf2+ 59. Ka6 Qf6+
60. Ka7 Qxh6 61. Qb8+ Kf5 62. Qb5+ Kg4 63. Qe2+ Kh4 64. b4 Qg7+ 65. Ka6 Qf6+ 66.
Ka5 Ne6 67. Qh2+ Kg5 68. h6 Qd8+ 69. Ka4 Nd4 70. Qe5+ Kxh6 71. b5 Kg6 72. Kb4
Kf7 73. Kc4 Ne6 74. Qd5 Qh4+ 75. Kc3 Ke7 76. b6 Qe1+ 77. Kc4 Qb1 78. Qb7+ Kf6
79. Qf3+ Ke7 80. Qb7+ Ke8 81. Qc8+ Nd8 82. b7 Qc2+ 83. Kb4 Qe4+ 84. Ka3 Qf3+ 85.
Ka2 Qg2+ 86. Ka3 Qxb7 87. Qxb7 Nxb7 1/2-1/2

[Event "PRO League Group Stage"]
[Site "chess.com INT"]
[Date "2019.01.17"]
[Round "2"]
[White "Assaubayeva, Bibisara"]
[Black "Afanasiev, Nikita"]
[Result "1/2-1/2"]
[WhiteTitle "FM"]
[BlackTitle "FM"]
[WhiteElo "2372"]
[BlackElo "2508"]
[WhiteTeam "Volga Stormbringers"]
[BlackTeam "Moscow Phoenix"]
[WhiteFideId "13708694"]
[BlackFideId "24183555"]
[EventDate "2019.01.08"]

1. d4 d5 2. c4 dxc4 3. Nf3 Nf6 4. e3 e6 5. Bxc4 a6 6. O-O Nbd7 7. b3 c5 8. Bb2
b5 9. Be2 Bb7 10. Nbd2 Qb6 11. a4 Be7 12. axb5 axb5 13. Rxa8+ Bxa8 14. dxc5 Nxc5
15. Nd4 O-O 16. Nxb5 Rd8 17. Qc2 Nfe4 18. Nf3 f6 19. Bc4 Kf8 20. Rd1 Rxd1+ 21.
Qxd1 Bc6 22. Nbd4 Bd7 23. Nd2 Nd6 24. Qc2 g6 25. Bf1 e5 26. N4f3 Bf5 27. Qd1 Be6
28. Ba3 Nxb3 29. Qb1 Qb7 30. Bxd6 Bxd6 31. Bc4 Bxc4 32. Nxc4 Be7 33. h4 Nc5 34.
Qa2 Qd5 35. h5 g5 36. Nfd2 Qe6 37. e4 Qa6 38. Qb1 Qb7 39. Qc2 Qc6 40. Ne3 Qa4
41. Qb1 Qd4 42. Qc2 Qd3 43. Qa2 Qa6 44. Qd5 Qb7 45. Nf5 Qxd5 46. exd5 Bd8 47. f3
Nd3 48. g4 Nf4 49. d6 Kf7 50. Ne4 Bb6+ 51. Kf1 Ke6 52. Ng7+ Kf7 53. Nf5 Ke6 54.
Ke1 Nxh5 55. Ne7 Nf4 56. Ng8 Bd8 57. Nh6 Nd5 58. Nf5 Bb6 59. Ng7+ Kd7 60. Nh5
Bd8 61. Ng7 Nf4 62. Kd1 Kc6 63. Kd2 Kd5 64. Ne8 Ke6 65. Ng7+ Kd7 66. Kd1 Kc6 67.
Kd2 Nd5 68. Ke2 Nf4+ 69. Kd2 Kd5 70. Ne8 Ke6 71. Ng7+ Kf7 72. Nf5 h5 73. gxh5
Nxh5 74. Kd3 Ke6 75. Ne3 Ng7 76. Nc4 f5 77. Nc5+ Kd5 78. Nb7 Bf6 79. d7 e4+ 80.
fxe4+ fxe4+ 81. Ke3 Nf5+ 82. Ke2 Kxc4 83. d8=Q Bxd8 84. Nxd8 Kd4 85. Ne6+ Kd5
86. Nxg5 e3 87. Nf3 Ke4 88. Ng5+ Kf4 89. Ne6+ Ke5 90. Ng5 Kd4 91. Nf3+ Ke4 92.
Ng5+ Kf4 93. Ne6+ Kg4 94. Nd4 Nxd4+ 95. Kxe3 1/2-1/2

[Event "PRO League Group Stage"]
[Site "chess.com INT"]
[Date "2019.01.17"]
[Round "2"]
[White "Savchenko, Boris"]
[Black "Jobava, Baadur"]
[Result "1-0"]
[WhiteTitle "GM"]
[BlackTitle "GM"]
[WhiteElo "2562"]
[BlackElo "2629"]
[WhiteTeam "Moscow Wizards"]
[BlackTeam "Tbilisi Gentlemen"]
[WhiteFideId "4147332"]
[BlackFideId "13601520"]
[EventDate "2019.01.08"]

1. e4 c6 2. Nc3 d5 3. d4 dxe4 4. Nxe4 Nf6 5. Nxf6+ exf6 6. c3 Bd6 7. Bd3 O-O 8.
Qc2 Re8+ 9. Ne2 g6 10. h4 Nd7 11. h5 Nf8 12. Bh6 Be6 13. O-O-O Qc7 14. c4 f5 15.
Kb1 Rad8 16. Qc3 c5 17. d5 Be5 18. Qc1 Bc8 19. Bf4 Bxf4 20. Nxf4 g5 21. Ne2 h6
22. f4 Nh7 23. Rdf1 b5 24. fxg5 Nxg5 25. cxb5 Rxd5 26. Bc4 Rde5 27. Nf4 Bb7 28.
a3 Kg7 29. Rhg1 Rd8 30. Ka1 Rd4 31. Rd1 Qd6 32. Ne2 Rxd1 33. Rxd1 Qe7 34. Nf4
Re4 35. Bd5 Rd4 36. Rxd4 cxd4 37. Qd2 Ne6 38. Nxe6+ fxe6 39. Qxd4+ e5 40. Qxa7 1-0

[Event "PRO League Group Stage"]
[Site "chess.com INT"]
[Date "2019.01.17"]
[Round "2"]
[White "Sjugirov, Sanan"]
[Black "Jojua, Davit"]
[Result "1/2-1/2"]
[WhiteTitle "GM"]
[BlackTitle "GM"]
[WhiteElo "2663"]
[BlackElo "2588"]
[WhiteTeam "Moscow Wizards"]
[BlackTeam "Tbilisi Gentlemen"]
[WhiteFideId "4189302"]
[BlackFideId "13602543"]
[EventDate "2019.01.08"]

1. d4 Nf6 2. c4 g6 3. Nc3 Bg7 4. e4 d6 5. f3 O-O 6. Nge2 c5 7. d5 e6 8. Ng3 exd5
9. cxd5 h5 10. Be2 Nbd7 11. Bg5 a6 12. a4 Qe8 13. Qd2 Nh7 14. Bh6 Bxh6 15. Qxh6
Qe7 16. O-O Qg5 17. Qxg5 Nxg5 18. f4 Nh7 19. Rfe1 Nhf6 20. Nf1 Re8 21. Nd2 Kf8
22. Bf3 Re7 23. Nc4 Ne8 24. e5 Rb8 25. a5 b5 26. axb6 Nxb6 27. Na5 Bb7 28. b3 f6
29. e6 Nc7 30. Red1 Nb5 31. Ne2 f5 32. Nxb7 Rexb7 33. Rxa6 Nc7 34. Ra5 Nc8 35.
Nc1 Ne7 36. Be2 Ra8 37. Rxa8+ Nxa8 38. Bc4 Nb6 39. Ne2 Nxc4 40. bxc4 Rb4 41. Nc3
Rxc4 42. Nb5 Rxf4 43. Nxd6 Rd4 44. Ra1 Nxd5 45. Ra7 c4 46. Nb5 Re4 47. Rd7 Nf4
48. Nd6 Rxe6 49. Nxc4 Re2 50. Rd2 Rxd2 51. Nxd2 Kg7 52. Nf3 Kf6 53. h4 Ne6 54.
g3 Nc5 55. Kg2 Ne4 56. Nd4 Nc5 57. Nf3 Ne6 58. Kh3 f4 59. gxf4 Nxf4+ 60. Kg3 Ne6
61. Kh3 Nd4 62. Nxd4 g5 63. hxg5+ Kxg5 64. Nf3+ 1/2-1/2

[Event "PRO League Group Stage"]
[Site "chess.com INT"]
[Date "2019.01.17"]
[Round "2"]
[White "Quparadze, Giga"]
[Black "Dordzhieva, Dinara"]
[Result "1-0"]
[WhiteTitle "GM"]
[BlackTitle "WIM"]
[WhiteElo "2493"]
[BlackElo "2340"]
[WhiteTeam "Tbilisi Gentlemen"]
[BlackTeam "Moscow Wizards"]
[WhiteFideId "13602250"]
[BlackFideId "24157570"]
[EventDate "2019.01.08"]

1. e4 c5 2. Nf3 d6 3. d4 cxd4 4. Nxd4 Nf6 5. Nc3 a6 6. g3 e6 7. Bg2 Be7 8. O-O
O-O 9. a4 Qc7 10. Be3 Nc6 11. h3 Nxd4 12. Bxd4 Bd7 13. a5 Bc6 14. Re1 Nd7 15.
Nd5 Bxd5 16. exd5 e5 17. Be3 Rac8 18. c3 f5 19. Ra4 Nc5 20. Rc4 Qd8 21. Bxc5
Rxc5 22. Rxc5 dxc5 23. Rxe5 f4 24. g4 Bd6 25. Re6 Qd7 26. Be4 Rd8 27. Qd3 h6 28.
g5 hxg5 29. Bh7+ Kf8 30. Bg6 Be7 31. Qf5+ Bf6 32. Rxf6+ gxf6 33. Qxf6+ Kg8 34.
Bf7+ Qxf7 35. Qxd8+ Kh7 36. Qxg5 f3 37. d6 Qb3 38. Qf5+ Kg7 39. Qxf3 1-0